[Event "ITA-ch U20"]
[Site "Tarvisio"]
[Date "2023.07.04"]
[Round "3"]
[White "Agolzer, Luca"]
[Black "Rimondini, Riccardo"]
[Result "1-0"]
[WhiteElo "1899"]
[BlackElo "1664"]
[PlyCount "55"]
[EventDate "2023.07.02"]
[EventType "swiss"]
[EventRounds "9"]
[EventCountry "ITA"]
[SourceTitle "EXT 2024"]
[Source "ChessBase"]
[SourceDate "2023.10.10"]
[SourceVersion "1"]
[SourceVersionDate "2023.10.10"]
[SourceQuality "1"]

1. e4 e5 2. Nf3 Nc6 3. Bb5 a6 4. Ba4 d6 5. 0-0 Bd7 6. c3 g6 7. d4 Bg7 8. h3 h6 9. Be3 b5 10. Bc2 Nge7 11. Re1 0-0 12. a4 f5 13. axb5 axb5 14. Rxa8 Qxa8 15. dxe5 Qb8 16. exd6 cxd6 17. Bf4 Nc8 18. exf5 gxf5 19. Nh4 Qc7 20. Qh5 Rf6 21. Nxf5 Bxf5 22. Re8+ Rf8 23. Rxf8+ Bxf8 24. Qxf5 b4 25. Bb3+ Kg7 26. Qg4+ Kf6 27. Qe6+ Kg7 28. Qxh6# 1-0